|
|
|
|
| LEADER |
00000cam a2200000 7i4500 |
| 001 |
0000003949 |
| 005 |
20121101.0 |
| 020 |
0 |
0 |
|a 9789832181958
|
| 090 |
0 |
0 |
|a 634.99
|b AGRO 2006
|
| 245 |
0 |
0 |
|a Proceedings of the International Agroforestry Conference (IAC) 2006 :
|b Agroforestry : Harnessing the Benefits
|c editord Ahmad Zubaidi..[et al.)
|
| 260 |
0 |
0 |
|a Kuala Lumpur :
|b FRIM ,
|c 2006
|
| 300 |
|
|
|a viii, 125 p. :
|b ill. ;
|c 25 cm.
|
| 650 |
0 |
0 |
|a Agroforestry---Congresses
|
| 650 |
0 |
0 |
|a Forest and forestry---Congresses
|
| 999 |
|
|
|a 007727
|b Monograph
|c Open Shelf
|e Default branch
|